Németh László és Grezsa Ferenc emlékére

Elmentve itt :
Bibliográfiai részletek
Szerző: Lázár János
Dokumentumtípus: Cikk
Megjelent: 2008
Sorozat:Tiszatáj 62 No. 1
Kulcsszavak:Magyar irodalom - 20. sz. - életmű, Irodalomtudomány - magyar - 20. sz. - életmű, Hódmezővásárhely, Németh László, Grezsa Ferenc
Online Access:http://tiszataj.bibl.u-szeged.hu/19949
LEADER 00711nab a2200181 i 4500
001 tisza19949
005 20200331091922.0
008 170103s2008 hu o 0|| hun d
022 |a 0133-1167 
040 |a SZTE Tiszatáj Archívum  |b hun 
041 |a hun 
100 1 |a Lázár János 
245 1 0 |a Németh László és Grezsa Ferenc emlékére  |h [elektronikus dokumentum] /  |c Dr. Lázár János 
260 |c 2008 
300 |a 48-52 
490 0 |a Tiszatáj  |v 62 No. 1 
695 |a Magyar irodalom - 20. sz. - életmű, Irodalomtudomány - magyar - 20. sz. - életmű, Hódmezővásárhely, Németh László, Grezsa Ferenc 
856 4 0 |u http://tiszataj.bibl.u-szeged.hu/19949/1/tiszataj_2008_001_048-052.pdf  |z Dokumentum-elérés